MARC

LEADER 00000nam0a2200000 4500
001 334323
005 20231102004638.0
035 |a (RuTPU)RU\TPU\book\360388 
035 |a RU\TPU\book\360284 
090 |a 334323 
100 |a 20170720d1970 k y0rusy50 ca 
101 0 |a rus 
102 |a RU 
105 |a a z 001zy 
200 1 |a Санитарная техника  |e сборник трудов  |f Научно-исследовательский институт санитарной техники (НИИсантехники) 
210 |a Москва  |c Изд-во НИИСантехники  |d 1970 
215 |a 198 с.  |c ил. 
225 1 |a Сборник трудов  |v № 34 
320 |a Библиогр. в конце ст. 
606 1 |a Санитарная техника  |x Строительство  |2 stltpush  |3 (RuTPU)RU\TPU\subj\53787  |9 71952 
610 1 |a отопительное оборудование 
610 1 |a технико-экономическая оценка 
610 1 |a производство 
610 1 |a санитарно-техническое оборудование 
610 1 |a чугунные ванны 
610 1 |a полимерные материалы 
610 1 |a вода 
610 1 |a расход 
610 1 |a номограммы 
610 1 |a отопительные котлы 
610 1 |a калориферы 
610 1 |a теплонасосные установки 
610 1 |a горячее водоснабжение 
675 |a 696/697  |v 4 
712 0 2 |a Научно-исследовательский институт санитарной техники (НИИсантехники)  |c (Москва)  |c (1957- )  |2 stltpush  |3 (RuTPU)RU\TPU\col\22937 
801 1 |a RU  |b 63413507  |c 20170629 
801 2 |a RU  |b 63413507  |c 20170904  |g RCR 
942 |c BK